<?xml version="1.0" encoding="UTF-8"?>
<record
    xmlns:xsi="http://www.w3.org/2001/XMLSchema-instance"
    xsi:schemaLocation="http://www.loc.gov/MARC21/slim http://www.loc.gov/standards/marcxml/schema/MARC21slim.xsd"
    xmlns="http://www.loc.gov/MARC21/slim">

  <leader>00969ngm a2200217Ia 4500</leader>
  <controlfield tag="001">CINE00576</controlfield>
  <controlfield tag="003">EcQuCN</controlfield>
  <controlfield tag="005">20240205095520.0</controlfield>
  <controlfield tag="006">a||||gr|||| 00| mz</controlfield>
  <controlfield tag="007">mc nfubzzgazauz|c201508</controlfield>
  <controlfield tag="008">150827s        ec ||||g |||| 00| mzspa d</controlfield>
  <datafield tag="040" ind1=" " ind2=" ">
    <subfield code="a">EcQuCN</subfield>
  </datafield>
  <datafield tag="084" ind1=" " ind2=" ">
    <subfield code="a">VHSER0059.1 - DVDER932.1</subfield>
  </datafield>
  <datafield tag="245" ind1="1" ind2="0">
    <subfield code="a">Homenaje a Jorge Fegan;</subfield>
    <subfield code="c">Producida por: programa tras c&#xE1;mara</subfield>
  </datafield>
  <datafield tag="260" ind1=" " ind2=" ">
    <subfield code="a">Quito&#xA0;</subfield>
    <subfield code="b">Cinemateca Nacional</subfield>
  </datafield>
  <datafield tag="300" ind1=" " ind2=" ">
    <subfield code="a">9 minutos. 20 segundos.</subfield>
  </datafield>
  <datafield tag="520" ind1="1" ind2=" ">
    <subfield code="a">Documental realizado en el homenaje ofrecido en la sala de cine Alfredo Pareja al desaparecido actor ecuatoriano Jorge Fegan, radicado en M&#xE9;xico y que protagoniz&#xF3; la pel&#xED;cula Rojo amanecer. Entrevistas a Totty Rodriguez, Rafael P&#xE9;rez, Paul Ferret, Ra&#xFA;l Guarderas, Magdalena Fegan, Ulises Estrella, entre otros. Fegan apareci&#xF3; en las primeras producciones de televisi&#xF3;n en Ecuador.</subfield>
  </datafield>
  <datafield tag="650" ind1=" " ind2="4">
    <subfield code="a">HISTORIA</subfield>
  </datafield>
  <datafield tag="700" ind1="1" ind2=" ">
    <subfield code="a">Programa tras camaras</subfield>
    <subfield code="e">productor</subfield>
  </datafield>
  <datafield tag="942" ind1=" " ind2=" ">
    <subfield code="2">z</subfield>
    <subfield code="c">VHS</subfield>
  </datafield>
  <datafield tag="952" ind1=" " ind2=" ">
    <subfield code="0">0</subfield>
    <subfield code="1">0</subfield>
    <subfield code="2">z</subfield>
    <subfield code="4">0</subfield>
    <subfield code="6">VHSER00591__DVDER9321</subfield>
    <subfield code="7">0</subfield>
    <subfield code="8">GEN</subfield>
    <subfield code="9">581</subfield>
    <subfield code="a">CINE</subfield>
    <subfield code="b">CINE</subfield>
    <subfield code="d">2015-08-27</subfield>
    <subfield code="e">Cinemateca Nacional</subfield>
    <subfield code="l">0</subfield>
    <subfield code="o">VHSER0059.1 - DVDER932.1</subfield>
    <subfield code="p">CN-0576</subfield>
    <subfield code="r">2015-08-27</subfield>
    <subfield code="t">Ej.1</subfield>
    <subfield code="w">2023-02-21</subfield>
    <subfield code="x">Migraci&#xF3;n</subfield>
    <subfield code="y">VHS</subfield>
  </datafield>
  <datafield tag="999" ind1=" " ind2=" ">
    <subfield code="c">581</subfield>
    <subfield code="d">581</subfield>
  </datafield>
</record>
